| 000 | 01014nac a22002291u 4500 | ||
|---|---|---|---|
| 010 | _a 86025523 | ||
| 020 | _a0534078605 | ||
| 082 | 0 | 0 |
_a621.31 _bG5661 |
| 090 |
_c4307 _d4307 |
||
| 100 | _aGlover, J. Duncan. | ||
| 245 | 1 | 0 |
_aPower system analysis and design : _bwith personal computer applications / _cJ. Duncan Glover, Mulukutla Sarma. |
| 260 |
_aBoston : _bPWS Publishers, _cc1987. |
||
| 300 |
_axv, 474 p. : _bill. ; _c26 cm. |
||
| 500 | _aPortions of this book also appear in A first course in differential equipments with applications, third edition by Dennis G. Zill. | ||
| 504 | _aIncludes bibliographical references and index. | ||
| 650 | 0 |
_aElectric power systems _xDesign and construction _xData processing. |
|
| 650 | 0 | _aMicrocomputers. | |
| 650 | 0 | _aElectric circuit analysis. | |
| 700 | 1 |
_aSarma, Mulukutla S., _d1938- |
|
| 942 |
_cBB _k621.31G5661 |
||
| 999 |
_c4307 _d4307 |
||